000 00629nam a22002057a 4500
003 UA-OsUOA
001 38923
007 ta
008 20080229b un ||||| |||| 00| 0 ukr d
090 _a050
942 _cNP
040 _aUA-OsUOA
_bukr
_cUA-OsUOA
_dUA-OsUOA
245 _aСвобода
955 _a2
041 _aukr
080 _a050
310 _aЧ. 209, рік СХІХ, субота 31 жовтня, 1992
650 7 _a050 Серійні публікації. Періодика галузі, Організація та інші типи поєднання (співробітництва)
_2UDC
999 _c437433
_d437433